Design and testing of electrical machines (Record no. 23295)

000 -LEADER
fixed length control field 00477nam a22001817a 4500
001 - CONTROL NUMBER
control field 23295
003 - CONTROL NUMBER IDENTIFIER
control field BD-DhUET
008 - FIXED-LENGTH DATA ELEMENTS--GENERAL INFORMATION
fixed length control field 150503b xxu||||| |||| 00| 0 eng d
040 ## - CATALOGING SOURCE
Original cataloging agency DLC
Transcribing agency DLC
Modifying agency BD-DhUET
082 ## - DEWEY DECIMAL CLASSIFICATION NUMBER
Classification number 623.13072
Item number DES/1983
100 ## - MAIN ENTRY--PERSONAL NAME
Personal name Deshpande, M. V.
245 ## - TITLE STATEMENT
Title Design and testing of electrical machines
250 ## - EDITION STATEMENT
Edition statement 1st ed.
260 ## - PUBLICATION, DISTRIBUTION, ETC. (IMPRINT)
Place of publication, distribution, etc. Allahabad
Name of publisher, distributor, etc. Wheeler
Date of publication, distribution, etc. 1983
300 ## - PHYSICAL DESCRIPTION
Extent xvi, 516 p.
Other physical details ill.
650 #0 - SUBJECT ADDED ENTRY--TOPICAL TERM
Topical term or geographic name as entry element Electrical machinery experiments
942 ## - ADDED ENTRY ELEMENTS (KOHA)
Koha item type General Book
Holdings
Date acquired Koha full call number Koha normalized classification for sorting Sublocation or collection (holding branch) Koha item type Withdrawn status Lost status Location (home branch) Piece designation (barcode) Koha date last seen Shelving location Price effective from Damaged status Source of classification or shelving scheme Not for loan Copy number
2015-05-03623.13072/DES/1983623_130720000000000_DES_1983Central Library, BUETGeneral Book  Central Library, BUET724342015-05-03Circulation section2015-05-03   1
2015-05-03623.13072/DES/1983623_130720000000000_DES_1983Central Library, BUETGeneral Book  Central Library, BUET724322015-05-03Circulation section2015-05-03   2
2015-05-03623.13072/DES/1983623_130720000000000_DES_1983Central Library, BUETGeneral Book  Central Library, BUET724312016-04-11Circulation section2015-05-03   3
2015-05-03623.13072/DES/1983623_130720000000000_DES_1983Central Library, BUETGeneral Book  Central Library, BUET724332015-05-03Circulation section2015-05-03   4
2015-06-28623.13072/DES/1983623_130720000000000_DES_1983Central Library, BUETReading Item  Central Library, BUET724352015-06-28Reading section2015-06-28   5
2015-06-28623.13072/DES/1983623_130720000000000_DES_1983Central Library, BUETReading Item  Central Library, BUET726832015-06-28Reading section2015-06-28   6